Warisan seni bina Melayu

Bibliographic Details
Main Authors: Abdul Halim Nasir , 1938-1999 (Author), Wan Hashim Wan Teh , 1949- (Author)
Format: Book
Published: Bangi : Penerbit Universiti Kebangsaan Malaysia , 1997
Subjects:

MARC

LEADER 00000cam a2200000 7i4500
001 0000032142
005 20200223093000.0
008 021119n
020 |a 9679423433 
090 0 0 |a NA1525   |b .A2 1997 
100 0 |a Abdul Halim Nasir ,   |d 1938-1999 ,   |e author 
245 0 0 |a Warisan seni bina Melayu   |c Abdul Halim Nasir dan Wan Hashim Wan Teh 
260 2 |a Bangi :   |b Penerbit Universiti Kebangsaan Malaysia ,   |c 1997 
300 |a 179 ms. ; ;   |c 27 sm. 
504 |a Mengandungi bibliografi (ms. 173-176) dan indeks 
650 0 |a Architecture, Ancient   |z Malaysia   |v Pictorial works 
650 0 |a Architecture, Domestic   |z Malaysia   |v Pictorial works 
700 0 |a Wan Hashim Wan Teh ,   |d 1949- ,   |e author 
999 |a 1000062540   |b Book   |c OPEN SHELF (30 DAYS)   |e Gong Badak Campus